NHL Playoff Teams 2018 - Statistics

General Stats
  • This quiz has been taken 792 times
    741 since last reset
  • The average score is 13 of 16
Answer Stats
# Division Points Team % Correct
6 Metropolitan 105 Washington Capitals
94%
10 Metropolitan 100 Pittsburgh Penguins
90%
3 Atlantic 113 Tampa Bay Lightning
88%
4 Atlantic 112 Boston Bruins
87%
11 Pacific 100 San Jose Sharks
83%
12 Pacific 98 Los Angeles Kings
80%
1 Central 117 Nashville Predators
79%
5 Pacific 109 Vegas Golden Knights
79%
7 Atlantic 105 Toronto Maple Leafs
78%
16 Central 95 Colorado Avalanche
77%
2 Central 114 Winnipeg Jets
77%
8 Central 101 Minnesota Wild
75%
9 Pacific 101 Anaheim Ducks
72%
15 Metropolitan 97 New Jersey Devils
68%
13 Metropolitan 98 Philadelphia Flyers
68%
14 Metropolitan 97 Columbus Blue Jackets
67%
No matching quizzes found
Score Distribution
Percent of People with Each Score
Percentile by Number Answered
Your Score History
You have not taken this quiz since the last reset